Química Orgánica

Bibliographic Details
Main Authors: Hart, Harold, Hart, David J., Craine, Leslie E.
Format: Section = Libro
Language:Undetermined
Spanish
Published: México McGraw-Hill 1995
Edition:9a.ed.
Subjects:
LEADER 00860nam a2200313Ia 4500
008 240830s9999 xx 000 0 und d
020 |a 970-10-0610-0 
040 |a CEDOC FIQ-RUSB / 547 H325 
041 |a spa 
082 |a 547 H325 
100 1 |a Hart, Harold 
100 1 |b Hart, David J. 
100 1 |c Craine, Leslie E. 
245 1 0 |a Química Orgánica 
250 |a 9a.ed. 
260 |a México  |b McGraw-Hill  |c 1995 
300 |a 570 p. :il 
650 7 |a ENLACES E ISOMETRÍA 
650 7 |b  ALCANOS Y CICLOALCANOS 
650 7 |c  ALQUENOS Y ALQUINOS 
650 7 |d  COMPUESTOS AROMÁTICOS 
650 7 |e  ESTEREOISOMRÍA 
650 7 |f  COMPUESTOS ORGÁNICOS HALOGENADOS 
650 7 |g  ALCOHOLES-FENOLES-TIOLES 
650 7 |h  COMPUESTOS HETEROCÍCLICOS 
650 7 |i  POLÍMEROS SINTÉTICOS 
942 |c BK  |2 ddc 
991 |a TEXTO 
999 |c 13292